[Event "Detroit (MOR/2/6)"]
[Site "?"]
[Date "1994.??.??"]
[Round "?"]
[White "Etienne, T."]
[Black "Drysdale, Gilbert"]
[Result "1/2-1/2"]
[WhiteElo "1605"]
[BlackElo "1755"]
[PlyCount "70"]
[EventDate "1994.??.??"]

{2/(6)} 1. d4 e5 2. dxe5 Nc6 3. Nf3 Qe7 4. Bd2 Nxe5 5. Nxe5 Qxe5 6. Bc3 Qe6 7.
Nd2 Nf6 8. e3 d5 9. Bd3 Bd6 10. Qe2 Bd7 11. e4 O-O-O 12. e5 Rhe8 13. f4 Bc5 14.
Nb3 Qb6 15. Nxc5 Qxc5 16. h3 Ne4 17. Bxe4 dxe4 18. O-O-O Bc6 19. g4 Bd5 20. Bd4
Qa5 21. c4 Qxa2 22. cxd5 Rxd5 23. Qxe4 Qa1+ 24. Kc2 Qa4+ 25. b3 Qc6+ 26. Kb2
Red8 27. Rd3 Qd7 28. Rhd1 c5 29. Kc3 cxd4+ 30. Rxd4 Rxd4 31. Rxd4 Qxd4+ 32.
Qxd4 Rxd4 33. Kxd4 g5 34. f5 Kd7 35. Kd5 a5 1/2-1/2

[Event "Detroit (MOR/4/29)"]
[Site "?"]
[Date "1994.??.??"]
[Round "?"]
[White "Etienne, T."]
[Black "Ashton, Jeff"]
[Result "1-0"]
[WhiteElo "1605"]
[BlackElo "1605"]
[PlyCount "25"]
[EventDate "1994.??.??"]

{4/(29)} 1. d4 d5 2. Nf3 Nf6 3. Bg5 Bg4 4. Ne5 Bf5 5. c4 c6 6. Qb3 Bxb1 7. Rxb1
Ne4 8. Bd2 Nxd2 9. Kxd2 Qa5+ 10. Kd1 Qb6 11. Qc3 f6 12. Nf3 Nd7 13. c5 {
[Remainder illegible; 1-0, 34?]} 1-0

[Event "Grand Rapids (MI Am/3/9)"]
[Site "?"]
[Date "1994.??.??"]
[Round "?"]
[White "Estlick, Laurence"]
[Black "Walquist, Elaine"]
[Result "1-0"]
[WhiteElo "1840"]
[BlackElo "1605"]
[PlyCount "105"]
[EventDate "1994.??.??"]

{3/(9)} 1. d4 d5 2. c4 e6 3. Nc3 f5 4. Nf3 c6 5. cxd5 exd5 6. Bf4 Nf6 7. e3 Be7
8. Bd3 Ne4 9. Ne5 Nf6 10. Qc2 g6 11. h3 Nbd7 12. g4 Nxe5 13. Bxe5 fxg4 14. hxg4
Bxg4 15. Bxg6+ Kd7 16. Bf5+ Bxf5 17. Qxf5+ Ke8 18. Bxf6 Bxf6 19. Rxh7 Rxh7 20.
Qxh7 Qe7 21. Qg8+ Qf8 22. Qxf8+ Kxf8 23. Ke2 Re8 24. Kd2 Kf7 25. Rb1 Rh8 26. b4
b5 27. Re1 Rh2 28. Re2 Be7 29. a3 Rh1 30. Re1 Rh2 31. Ke2 Bh4 32. Rf1 Bd8 33.
Rc1 Ke6 34. Nd1 Kd6 35. Nb2 Bf6 36. Nd3 Rh7 37. Rg1 Re7 38. Rg6 Ke6 39. Ne5 Kf5
40. Rh6 Kg5 41. Rh3 Bxe5 42. dxe5 Kf5 43. f4 Ke4 44. Rh6 Rc7 45. e6 Re7 46. Rf6
d4 47. exd4 Kxd4 48. f5 Rh7 49. Rf7 Rh2+ 50. Kf3 Ra2 51. Rd7+ Ke5 52. e7 Rxa3+
53. Kg4 1-0

[Event "Grand Rapids (MI Am/1/15)"]
[Site "?"]
[Date "1994.??.??"]
[Round "?"]
[White "Estlick, Laurence"]
[Black "Carpenter, O."]
[Result "1-0"]
[WhiteElo "1840"]
[BlackElo "1605"]
[PlyCount "79"]
[EventDate "1994.??.??"]

{1/(15)} 1. d4 Nf6 2. c4 d6 3. Nc3 g6 4. e4 Bg7 5. Nf3 Bg4 6. h3 Bd7 7. Bd3 O-O
8. Be3 Re8 9. Qd2 e5 10. d5 c5 11. O-O Qc8 12. Kh2 Na6 13. a3 Nc7 14. b4 b6 15.
bxc5 bxc5 16. Rfb1 Nh5 17. Qc2 f5 18. Nb5 Nxb5 19. cxb5 f4 20. Bd2 Rb8 21. Ba5
Re7 22. a4 Bf6 23. Nd2 g5 24. Nc4 g4 25. Nxd6 g3+ 26. fxg3 fxg3+ 27. Kg1 Qf8
28. Rf1 Qh6 29. Nf5 Bxf5 30. Rxf5 Nf4 31. Bd2 Nxh3+ 32. gxh3 Qxh3 33. Bg5 Qh2+
34. Qxh2 gxh2+ 35. Kxh2 Bxg5 36. Rxg5+ Rg7 37. Rag1 Rbb7 38. Rxg7+ Rxg7 39.
Rxg7+ Kxg7 40. a5 1-0

[Event "Grand Rapids (MI Am/3/10)"]
[Site "?"]
[Date "1994.??.??"]
[Round "?"]
[White "Emke, Robert"]
[Black "Welch, Joseph"]
[Result "1/2-1/2"]
[WhiteElo "1845"]
[BlackElo "1605"]
[PlyCount "61"]
[EventDate "1994.??.??"]

{3/(10)} 1. e3 d5 2. d4 Nf6 3. c4 c6 4. cxd5 cxd5 5. Nf3 Bg4 6. Qa4+ Nc6 7. Bb5
e6 8. Ne5 Rc8 9. Nxc6 bxc6 10. Bxc6+ Nd7 11. Nc3 Qc7 12. Bxd7+ Qxd7 13. Qxd7+
Kxd7 14. Bd2 Rb8 15. Na4 Bd6 16. O-O Be2 17. Rfc1 h5 18. Nc5+ Bxc5 19. Rxc5
Rxb2 20. Ba5 Rc8 21. Rxc8 Kxc8 22. a3 Kb7 23. Bb4 a6 24. h4 Kb6 25. Rc1 Bc4 26.
e4 Kb5 27. exd5 exd5 28. Re1 Be2 29. Rc1 Bc4 30. Re1 Be2 31. Rc1 1/2-1/2

[Event "Detroit (Class A/3/13)"]
[Site "?"]
[Date "1994.??.??"]
[Round "?"]
[White "Emke, Robert"]
[Black "Walker, Douglas"]
[Result "0-1"]
[WhiteElo "1895"]
[BlackElo "1955"]
[PlyCount "64"]
[EventDate "1994.??.??"]

{3/(13)} 1. d4 Nf6 2. Nf3 e6 3. c4 b6 4. Bg5 Be7 5. e3 Bb7 6. Bd3 Ne4 7. Bxe7
Qxe7 8. Qc2 f5 9. Nc3 Nxc3 10. Qxc3 d6 11. Be2 Nd7 12. Bd3 O-O 13. Qc2 Nf6 14.
d5 f4 15. Ng5 fxe3 16. Bxh7+ Kh8 17. O-O-O exd5 18. Rhe1 d4 19. Rxd4 exf2 20.
Rxe7 f1=Q+ 21. Qd1 Qxg2 22. Ne6 Rae8 23. Rh4 Qf2 24. Nxf8 Rxf8 25. Rh3 Nxh7 26.
Qh5 Qf1+ 27. Kc2 Qxc4+ 28. Rc3 Rf2+ 29. Kd1 Qf1+ 30. Re1 g6 31. Rxf1 Rxf1+ 32.
Ke2 Ba6+ 0-1

[Event "Detroit (Class A/1/2)"]
[Site "?"]
[Date "1994.??.??"]
[Round "?"]
[White "Emke, Robert"]
[Black "Triplett, Thomas"]
[Result "0-1"]
[WhiteElo "1895"]
[BlackElo "1970"]
[PlyCount "60"]
[EventDate "1994.??.??"]

{1/(2)} 1. d4 Nf6 2. e3 g6 3. c4 Bg7 4. Nc3 d6 5. Bd3 O-O 6. h3 e5 7. d5 c5 8.
e4 Nh5 9. Nge2 f5 10. exf5 gxf5 11. O-O a6 12. a4 Qh4 13. Kh1 e4 14. Bc2 Be5
15. Ng1 Ng3+ 16. fxg3 Qxg3 17. Bf4 Bxf4 18. Rxf4 Qxf4 19. Qe2 Nd7 20. Rf1 Qh6
21. g4 Ne5 22. gxf5 Bxf5 23. Qg2+ Kh8 24. Bxe4 Bxe4 25. Rxf8+ Rxf8 26. Qxe4 Qc1
27. Qh4 Nf3 28. Qf2 Qh6 29. Qg2 Nxg1 30. Qxg1 Qxh3+ 0-1

[Event "Grand Rapids (MI Am/2/13)"]
[Site "?"]
[Date "1994.??.??"]
[Round "?"]
[White "Emke, Robert"]
[Black "Kreger, David"]
[Result "1/2-1/2"]
[WhiteElo "1845"]
[BlackElo "1605"]
[PlyCount "44"]
[EventDate "1994.??.??"]

{2/(13)} 1. e3 Nf6 2. d4 e6 3. Bd3 c5 4. c3 Nc6 5. Nf3 d5 6. Nbd2 Bd6 7. b3 O-O
8. Qc2 e5 9. dxe5 Nxe5 10. Nxe5 Bxe5 11. Nf3 Bd6 12. Bb2 Qe7 13. O-O-O b6 14.
c4 dxc4 15. Bxc4 Bb7 16. Ng5 Be5 17. Bxe5 Qxe5 18. Nf3 Qa1+ 19. Qb1 Qc3+ 20.
Qc2 Qa1+ 21. Qb1 Qc3+ 22. Qc2 Qa1+ 1/2-1/2

[Event "Detroit (Class A/5/12)"]
[Site "?"]
[Date "1994.??.??"]
[Round "?"]
[White "Emke, Robert"]
[Black "Gaiefsky, Mike"]
[Result "1-0"]
[WhiteElo "1895"]
[BlackElo "1800"]
[PlyCount "69"]
[EventDate "1994.??.??"]

{5/(12)} 1. d4 d5 2. e3 Nf6 3. Bd3 e6 4. Nf3 c5 5. c3 c4 6. Bc2 Nc6 7. Nbd2 b5
8. e4 dxe4 9. Nxe4 Nxe4 10. Bxe4 Bb7 11. Ne5 Nxe5 12. Bxb7 Rb8 13. Be4 f5 14.
Bxf5 exf5 15. dxe5 Qxd1+ 16. Kxd1 b4 17. Bd2 a5 18. f4 Bc5 19. Ke2 Rd8 20. cxb4
axb4 21. Be3 Bxe3 22. Kxe3 c3 23. bxc3 bxc3 24. Rac1 Rc8 25. Kd3 Ke7 26. Rxc3
Rhd8+ 27. Kc2 Rb8 28. Rd1 Rxd1 29. Kxd1 Rb1+ 30. Rc1 Rb2 31. Rc2 Rb1+ 32. Ke2
Ra1 33. h3 Rg1 34. Kf2 Ra1 35. Rc7+ 1-0

[Event "Grand Rapids (MI Am/5/11)"]
[Site "?"]
[Date "1994.??.??"]
[Round "?"]
[White "Emke, Robert"]
[Black "Baker, T."]
[Result "1-0"]
[WhiteElo "1845"]
[BlackElo "1605"]
[PlyCount "59"]
[EventDate "1994.??.??"]

{5/(11)} 1. e3 e6 2. d4 Nf6 3. Bd3 Bb4+ 4. c3 Be7 5. Nf3 O-O 6. Qc2 d5 7. Nbd2
c5 8. dxc5 Bxc5 9. b3 Nbd7 10. c4 b6 11. Bb2 Bb7 12. Ne5 Nxe5 13. Bxe5 g6 14.
h4 Nd7 15. Bc3 dxc4 16. Nxc4 Bxg2 17. Rh2 Bb7 18. h5 Qe8 19. hxg6 fxg6 20.
O-O-O e5 21. Be4 Bxe4 22. Qxe4 Rf7 23. Rdh1 Re7 24. Qd5+ Re6 25. Rxh7 Nf8 26.
Rh8+ Kf7 27. Nxe5+ Ke7 28. Rxf8 Qxf8 29. Rh7+ Kf6 30. Nd7# 1-0

[Event "Detroit (Class C/2/3)"]
[Site "?"]
[Date "1994.??.??"]
[Round "?"]
[White "Elliott, J."]
[Black "Horn, K."]
[Result "1-0"]
[WhiteElo "1605"]
[BlackElo "1605"]
[PlyCount "57"]
[EventDate "1994.??.??"]

{2/(3)} 1. g3 d5 2. Bg2 Nf6 3. c4 dxc4 4. Qa4+ c6 5. Qxc4 Be6 6. Qc2 Bd5 7. e4
Be6 8. Nc3 g6 9. Nf3 Bg7 10. d4 O-O 11. O-O Nbd7 12. Ng5 Bc4 13. Rd1 Qc7 14. b3
Ba6 15. Ba3 Rfe8 16. e5 Ng4 17. Nd5 Qd8 18. e6 f6 19. Nf7 Qa5 20. Bb4 Qb5 21.
a4 Qe2 22. Qxe2 Bxe2 23. Re1 cxd5 24. exd7 Rf8 25. Bxd5 Rxf7 26. Rxe2 Bf8 27.
Bxe7 Bg7 28. Bxf7+ Kxf7 29. d8=Q 1-0

[Event "Detroit (Class C/1/2)"]
[Site "?"]
[Date "1994.??.??"]
[Round "?"]
[White "Elliott, J."]
[Black "Hayes, P."]
[Result "1-0"]
[WhiteElo "1605"]
[BlackElo "1605"]
[PlyCount "47"]
[EventDate "1994.??.??"]

{1/(2)} 1. g3 Nf6 2. Bg2 e5 3. c4 d5 4. cxd5 Nxd5 5. Nc3 c6 6. Nf3 Nd7 7. O-O
N5f6 8. d4 exd4 9. Nxd4 Nc5 10. Nxc6 Qb6 11. b4 bxc6 12. bxc5 Qxc5 13. Be3 Qc4
14. Qd4 Qe6 15. Rfd1 Bd7 16. Nb5 Rc8 17. Nd6+ Bxd6 18. Qxd6 Qf5 19. Bc5 Kd8 20.
Qe7+ Kc7 21. Bd6+ Kb6 22. Qe3+ Kb7 23. Rab1+ Ka8 24. Qb3 1-0

[Event "Detroit (Class C/5/14)"]
[Site "?"]
[Date "1994.??.??"]
[Round "?"]
[White "Elliott, J."]
[Black "Bezrutch, B."]
[Result "1-0"]
[WhiteElo "1605"]
[BlackElo "1605"]
[PlyCount "53"]
[EventDate "1994.??.??"]

{5/(14)} 1. g3 d5 2. Bg2 e5 3. c4 dxc4 4. Qa4+ c6 5. Qxc4 Be6 6. Qc2 Nf6 7. Nc3
Nbd7 8. Nf3 Bc5 9. e3 O-O 10. d4 exd4 11. exd4 Bb6 12. O-O Re8 13. Re1 h6 14.
b3 Nd5 15. Ba3 N7f6 16. Nd2 Qd7 17. Bc5 Bxc5 18. dxc5 Re7 19. Nde4 Nxc3 20.
Nxf6+ gxf6 21. Qxc3 Kg7 22. Rad1 Qe8 23. Rd6 Rd8 24. Bh3 Bxh3 25. Qxf6+ Kg8 26.
Rxe7 Qf8 27. Rxd8 1-0

[Event "Detroit (MCO/DEU/4/16)"]
[Site "?"]
[Date "1994.??.??"]
[Round "?"]
[White "Elkins, J."]
[Black "Arwashan, N."]
[Result "0-1"]
[WhiteElo "1605"]
[BlackElo "1605"]
[PlyCount "54"]
[EventDate "1994.??.??"]

{4/(16)} 1. e4 e5 2. f3 c6 3. c3 d5 4. d4 Bd6 5. g3 Be6 6. Ne2 Nd7 7. Be3 Ngf6
8. h4 dxe4 9. fxe4 Nxe4 10. Bg2 Ndf6 11. Bg5 Nxg5 12. hxg5 Ng4 13. Bh3 Ne3 14.
Qd3 Qxg5 15. Bxe6 fxe6 16. Rxh7 O-O-O 17. Nd2 Ng2+ 18. Kd1 Ne3+ 19. Kc1 exd4
20. Nf3 Qg4 21. Nfxd4 Qg5 22. Nxe6 Qe5 23. Nxg7 Rdf8 24. Nf4 Rhg8 25. Ng6 Qxg3
26. Nxf8 Qe1+ 27. Qd1 Qxd1# 0-1

[Event "Detroit (MCO/DEU/2b/7)"]
[Site "?"]
[Date "1994.??.??"]
[Round "?"]
[White "Elkins, J."]
[Black "Anderson, N."]
[Result "0-1"]
[WhiteElo "1605"]
[BlackElo "1605"]
[PlyCount "82"]
[EventDate "1994.??.??"]

1. e4 c5 2. Nc3 a6 3. Nf3 e6 4. Bc4 b5 5. Be2 Bb7 6. e5 Qc7 7. O-O Nc6 8. d4
cxd4 9. Nxd4 Nxe5 10. Bf4 f6 11. Bh5+ g6 12. Bg4 Bd6 13. Bxe5 Bxe5 14. g3 Qc5
15. Bf3 Rb8 16. Bxb7 Rxb7 17. Nce2 Ne7 18. c3 O-O 19. Nf3 Bb8 20. b4 Qh5 21.
Nh4 g5 22. Ng2 Ng6 23. Nd4 Qh6 24. Qe2 Ne5 25. Rae1 f5 26. f4 Ng4 27. h4 gxh4
28. Nxh4 Ba7 29. Nhf3 Qh3 30. Qg2 Qxg2+ 31. Kxg2 Rc7 32. Rc1 Ne3+ 33. Kg1 Nxf1
34. Kxf1 Rfc8 35. Ne2 Be3 36. Rc2 Kg7 37. Ng5 h6 38. Nf3 Rc6 39. Kg2 Rc4 40.
Ne5 Rxb4 41. Nxd7 Ra4 0-1

[Event "Grand Rapids (MI Am/3/22)"]
[Site "?"]
[Date "1994.??.??"]
[Round "?"]
[White "Eggenberger, Jeffrey"]
[Black "Scioly, Tony"]
[Result "1/2-1/2"]
[WhiteElo "1605"]
[BlackElo "1605"]
[PlyCount "123"]
[EventDate "1994.??.??"]

{3/(22)} 1. e4 e5 2. Nf3 Nc6 3. Bb5 d6 4. c3 Bd7 5. d4 exd4 6. Nxd4 Nf6 7. O-O
Be7 8. Re1 O-O 9. Nd2 Ne5 10. Bxd7 Nfxd7 11. Nf1 Nc5 12. Ng3 Qd7 13. h3 Rfe8
14. Ngf5 Ne6 15. Re3 Bf6 16. Nxe6 fxe6 17. Nd4 Rad8 18. f4 Ng6 19. Rg3 e5 20.
f5 Nf4 21. Ne2 Nxe2+ 22. Qxe2 d5 23. Bg5 Bxg5 24. Rxg5 dxe4 25. Qc4+ Qf7 26.
Qxe4 c6 27. Kf1 h6 28. Rg3 Re7 29. Rd3 Rxd3 30. Qxd3 e4 31. Qe3 Qxf5+ 32. Ke2
b6 33. Rf1 Qb5+ 34. Ke1 Qxb2 35. Qd2 Qxd2+ 36. Kxd2 c5 37. Ke3 Kh7 38. Rf4 Kg6
39. Rxe4 Rxe4+ 40. Kxe4 Kf6 41. Kd5 Kf5 42. g3 g5 43. c4 h5 44. a3 h4 45. gxh4
gxh4 46. a4 Kf4 47. a5 bxa5 48. Kxc5 a4 49. Kb4 a3 50. Kxa3 Ke5 51. Kb4 Kd6 52.
Kb5 a6+ 53. Kb6 Kd7 54. Kxa6 Kc6 55. Ka5 Kc5 56. Ka4 Kxc4 57. Ka3 Kd3 58. Kb3
Ke3 59. Kc3 Kf3 60. Kd3 Kg3 61. Ke3 Kxh3 62. Kf3 1/2-1/2

[Event "Grand Rapids (MI Am/4/21)"]
[Site "?"]
[Date "1994.??.??"]
[Round "?"]
[White "Eggenberger, Jeffrey"]
[Black "Nixon, Peter"]
[Result "1/2-1/2"]
[WhiteElo "1605"]
[BlackElo "1605"]
[PlyCount "66"]
[EventDate "1994.??.??"]

{4/(21)} 1. c4 c5 2. Nc3 Nc6 3. g3 Nf6 4. Bg2 e6 5. Nf3 Be7 6. d3 h6 7. e4 d6
8. O-O O-O 9. Be3 e5 10. Qd2 Ng4 11. Nd5 Nxe3 12. fxe3 Be6 13. Rf2 Qd7 14. Kh1
f5 15. Ng1 fxe4 16. Bxe4 Rxf2 17. Qxf2 Rf8 18. Qg2 Bf5 19. a3 Bxe4 20. dxe4 Nd8
21. Nf3 Bf6 22. Rf1 Ne6 23. h4 b5 24. b3 bxc4 25. bxc4 Rb8 26. Ng1 Qd8 27. Qf2
Kf7 28. Nf3 Kg8 29. Nh2 Nc7 30. Nxf6+ gxf6 31. Qxf6 Qxf6 32. Rxf6 Ne8 33. Rf1
Rb3 1/2-1/2

[Event "Grand Rapids (MI Am/1/16)"]
[Site "?"]
[Date "1994.??.??"]
[Round "?"]
[White "Eggenberger, Jeffrey"]
[Black "Manion, Tom"]
[Result "0-1"]
[WhiteElo "1605"]
[BlackElo "1820"]
[PlyCount "76"]
[EventDate "1994.??.??"]

{1/(16)} 1. e4 e5 2. Nf3 Nf6 3. Nc3 Bb4 4. Bc4 O-O 5. a3 Bxc3 6. bxc3 Nxe4 7.
O-O d5 8. Ba2 Bg4 9. h3 Bxf3 10. Qxf3 c6 11. c4 Nf6 12. d3 d4 13. Bg5 Nbd7 14.
Rab1 Qc7 15. Qg3 Kh8 16. Rfe1 b6 17. Re2 Qd6 18. Rbe1 Qxa3 19. Bxf6 gxf6 20.
Qg4 Rad8 21. Bb3 a5 22. Qf5 Rg8 23. c5 Qxc5 24. Bxf7 Rg7 25. Be6 Qe7 26. Ba2
Rg5 27. Qe6 Qxe6 28. Bxe6 Nc5 29. Ba2 Na4 30. f4 Rf5 31. fxe5 Nc3 32. Rf2 Rxf2
33. Kxf2 Nxa2 34. exf6 Nb4 35. f7 Rf8 36. Re8 Kg7 37. Re7 Rxf7+ 38. Rxf7+ Kxf7
0-1

[Event "Detroit (MI Op/3/17)"]
[Site "?"]
[Date "1994.??.??"]
[Round "?"]
[White "Eagle, Chris"]
[Black "Selitsky, B."]
[Result "1-0"]
[WhiteElo "2105"]
[BlackElo "1900"]
[PlyCount "111"]
[EventDate "1994.??.??"]

{3/(17)} 1. d4 d5 2. Nf3 Nf6 3. g3 c6 4. Bg2 Bf5 5. O-O h6 6. c4 e6 7. Nc3 Bd6
8. Re1 O-O 9. b3 Nbd7 10. Bb2 Rc8 11. Rc1 Bh7 12. Qd2 a5 13. a3 Ne4 14. Nxe4
dxe4 15. Ne5 Nxe5 16. dxe5 Bc5 17. Qc3 e3 18. fxe3 Qg5 19. Kf2 Rcd8 20. b4 axb4
21. axb4 Be7 22. Red1 h5 23. c5 h4 24. Rd4 hxg3+ 25. hxg3 Rxd4 26. exd4 f6 27.
exf6 Bxf6 28. b5 Rd8 29. Rd1 Qf5+ 30. Kg1 Qc2 31. Qxc2 Bxc2 32. Rd2 Ba4 33.
bxc6 Bxc6 34. e4 Bg5 35. Rd3 Bf6 36. Bc3 Bb5 37. Rd2 Bg5 38. Rb2 Be3+ 39. Kh2
Bc6 40. Rb4 Kf7 41. Bf3 g5 42. Kg2 g4 43. Bxg4 Bxe4+ 44. Bf3 Bc6 45. Bxc6 bxc6
46. Kf3 Bg1 47. Ke4 Rd5 48. Rb1 Bh2 49. Rf1+ Rf5 50. Rf3 Kg6 51. Bd2 Bg1 52.
Rxf5 exf5+ 53. Ke5 Bf2 54. Bf4 Bg1 55. d5 Bxc5 56. dxc6 1-0

[Event "Detroit (MI Op/1a/16)"]
[Site "?"]
[Date "1994.??.??"]
[Round "?"]
[White "Eagle, Chris"]
[Black "June, Brian"]
[Result "1-0"]
[WhiteElo "2105"]
[BlackElo "1865"]
[PlyCount "75"]
[EventDate "1994.??.??"]

1. Nf3 d5 2. g3 c5 3. Bg2 Nc6 4. d4 Nf6 5. O-O cxd4 6. Nxd4 e5 7. Nxc6 bxc6 8.
c4 Be7 9. Nc3 Bb7 10. Bg5 d4 11. Qb3 Rb8 12. Ne4 Nxe4 13. Bxe7 Qxe7 14. Bxe4
O-O 15. Qa4 Qc5 16. Rfc1 f5 17. b4 Qd6 18. c5 Qf6 19. Bg2 a6 20. e3 dxe3 21.
Qb3+ Kh8 22. Qxe3 Rbd8 23. Re1 e4 24. Bf1 Rd4 25. a3 Rfd8 26. Be2 g5 27. Rad1
f4 28. Qc3 Kg7 29. Rxd4 Qxd4 30. Qb3 Qd5 31. Bc4 Qd4 32. Qc2 e3 33. gxf4 gxf4
34. fxe3 fxe3 35. Kh1 Qd2 36. Rg1+ Kh6 37. Qe4 Bc8 38. Qh4# 1-0

[Event "Detroit (MI Op/5/5)"]
[Site "?"]
[Date "1994.??.??"]
[Round "?"]
[White "Eagle, Chris"]
[Black "Fischvogt, Eric"]
[Result "1-0"]
[WhiteElo "2105"]
[BlackElo "2245"]
[PlyCount "73"]
[EventDate "1994.??.??"]

{5/(5)} 1. Nf3 Nf6 2. d4 g6 3. c4 Bg7 4. Nc3 O-O 5. e4 d6 6. Be2 e5 7. O-O Nc6
8. d5 Ne7 9. Ne1 Nd7 10. f3 f5 11. g4 f4 12. Nd3 Nf6 13. c5 h5 14. cxd6 cxd6
15. g5 Nh7 16. h4 Nxg5 17. hxg5 Nf5 18. exf5 Qxg5+ 19. Kh1 Qh4+ 20. Kg1 Qg3+
21. Kh1 Qh3+ 22. Kg1 Bf6 23. Rf2 Bd8 24. Rh2 Bb6+ 25. Nf2 Qg3+ 26. Rg2 Bxf2+
27. Kh1 Qh3+ 28. Rh2 Qxf5 29. Rxf2 g5 30. Ne4 g4 31. Nxd6 Qd7 32. Nxc8 g3 33.
Rg2 h4 34. d6 Qh3+ 35. Kg1 Qxc8 36. Qd5+ Kh7 37. Bd3+ 1-0

[Event "Flint (MI Ch Spon/1)"]
[Site "?"]
[Date "1994.??.??"]
[Round "?"]
[White "Durkee, David"]
[Black "Seibert, T."]
[Result "1-0"]
[WhiteElo "1830"]
[BlackElo "1605"]
[PlyCount "41"]
[EventDate "1994.??.??"]

1. d4 d5 2. c4 Nf6 3. Nc3 Nc6 4. e3 e6 5. Bd3 Bd6 6. Nf3 O-O 7. O-O Bd7 8. Qc2
Nb4 9. Qe2 Nxd3 10. Qxd3 h6 11. c5 Be7 12. Ne5 a6 13. Re1 Qb8 14. e4 Rd8 15.
Qg3 Kf8 16. Qf3 c6 17. Bf4 Qc8 18. Rad1 g5 19. Qh3 gxf4 20. Qxh6+ Ke8 21. Qg7
1-0

[Event "Flint (MI Ch Spon/3)"]
[Site "?"]
[Date "1994.??.??"]
[Round "?"]
[White "Durkee, David"]
[Black "Belill, Mike"]
[Result "0-1"]
[WhiteElo "1830"]
[BlackElo "1605"]
[PlyCount "24"]
[EventDate "1994.??.??"]

1. e4 c5 2. Nf3 d6 3. d4 cxd4 4. Nxd4 Nf6 5. Nc3 a6 6. Be2 e5 7. Nb3 Be7 8. Be3
Be6 9. Nd2 b5 10. O-O Nbd7 11. a3 Rc8 12. b4 Rxc3 0-1

[Event "Detroit (MCO/B/7/2)"]
[Site "?"]
[Date "1994.??.??"]
[Round "?"]
[White "Dupree, J."]
[Black "Sledge, Ernest"]
[Result "0-1"]
[WhiteElo "1750"]
[BlackElo "1790"]
[PlyCount "102"]
[EventDate "1994.??.??"]

{7/(2)} 1. e4 e5 2. Nf3 d6 3. Bc4 Nf6 4. d3 Be7 5. Be3 c6 6. Bb3 h6 7. Nbd2 Ng4
8. Qe2 O-O 9. O-O-O b5 10. h3 Nxe3 11. fxe3 a5 12. c4 a4 13. Bc2 Na6 14. cxb5
cxb5 15. d4 Qb6 16. Bd3 Nb4 17. Kb1 Nxd3 18. Qxd3 Ba6 19. dxe5 dxe5 20. Nxe5
Rad8 21. Nd7 Qa7 22. Nf3 b4 23. Qd4 Qb7 24. Rd2 Bb5 25. Qb6 Rxd7 26. Qxb7 Rxb7
27. Rc1 Re8 28. Nd4 g6 29. Nxb5 Rxb5 30. Rc7 b3 31. a3 f5 32. Rdd7 Kf8 33. Rc4
fxe4 34. Rxe4 Rf5 35. Kc1 Rc8+ 36. Kd2 Bf6 37. Rxa4 Bxb2 38. Kd3 Rf7 39. Rd6
Rc3+ 40. Ke2 Rc2+ 41. Kd3 Rxg2 42. Kc4 Be5 43. Rb6 b2 44. Kd5 Bf6 45. Ra8+ Kg7
46. Rab8 Rg3 47. Rb3 Rxh3 48. a4 Re7 49. R8b7 Rhxe3 50. Rxe7+ Rxe7 51. Kc4 Ra7
0-1

[Event "Detroit (MCO/B/1a/3)"]
[Site "?"]
[Date "1994.??.??"]
[Round "?"]
[White "Dupree, J."]
[Black "Schey, Danny"]
[Result "0-1"]
[WhiteElo "1750"]
[BlackElo "1705"]
[PlyCount "70"]
[EventDate "1994.??.??"]

1. e4 e5 2. Nf3 Nc6 3. Bc4 Nf6 4. d3 d5 5. exd5 Nxd5 6. Nc3 Bb4 7. Bd2 Bxc3 8.
Bxc3 Bg4 9. h3 Bh5 10. g4 Bg6 11. Bxe5 O-O 12. O-O Nxe5 13. Nxe5 Nf4 14. Qf3
Qf6 15. Nd7 Qg5 16. Nxf8 Rxf8 17. h4 Qf6 18. h5 Nxh5 19. gxh5 Qxf3 20. hxg6
Qg4+ 21. Kh2 Qh5+ 22. Kg3 Qxg6+ 23. Kh2 Re8 24. Rae1 Rxe1 25. Rxe1 Qd6+ 26. Kg1
Kf8 27. Re3 Qf6 28. b4 Qg5+ 29. Kf1 h5 30. Bb3 h4 31. Rf3 f6 32. Ke2 Qg4 33.
Ke3 Qxb4 34. Rf4 Qe1+ 35. Kd4 Qe5+ 0-1

[Event "Detroit (MCO/B/5/5)"]
[Site "?"]
[Date "1994.??.??"]
[Round "?"]
[White "Dupree, J."]
[Black "Sattler, Peter"]
[Result "1-0"]
[WhiteElo "1750"]
[BlackElo "1735"]
[PlyCount "63"]
[EventDate "1994.??.??"]

{5/(5)} 1. e4 c5 2. Nf3 d6 3. d4 cxd4 4. Nxd4 Nf6 5. Nc3 a6 6. Bc4 e6 7. O-O
Be7 8. Be3 Nbd7 9. f4 Qc7 10. Bb3 Nc5 11. e5 dxe5 12. fxe5 Nfd7 13. Bf4 Nxb3
14. axb3 O-O 15. Nf3 b5 16. Ne4 Bb7 17. Nd6 Bd5 18. Qe2 Nb6 19. Nd2 Qxc2 20.
Rac1 Qxb2 21. Rc7 Bd8 22. Rxf7 Rxf7 23. Nxf7 Be7 24. Bh6 Nc4 25. Qg4 g6 26.
bxc4 bxc4 27. Nxc4 Qb5 28. Nfd6 Qb4 29. h4 Bxd6 30. Qf4 Bc5+ 31. Kh2 Rf8 32.
Bxf8 1-0

[Event "Detroit (MCO/B/3b/2)"]
[Site "?"]
[Date "1994.??.??"]
[Round "?"]
[White "Dupree, J."]
[Black "Lubben, Don"]
[Result "0-1"]
[WhiteElo "1750"]
[BlackElo "1795"]
[PlyCount "40"]
[EventDate "1994.??.??"]

1. e4 e6 2. f4 d5 3. e5 c5 4. Nf3 Nc6 5. c3 Qb6 6. d4 cxd4 7. Nxd4 Bc5 8. Nxc6
bxc6 9. Bd3 Ba6 10. b4 Be3 11. Bxa6 Bxc1 12. Qxc1 Qxa6 13. a4 Ne7 14. Nd2 O-O
15. Nb3 Qc4 16. Na5 Qe4+ 17. Kf2 f6 18. Re1 Qf5 19. g3 fxe5 20. Rxe5 Qxe5 0-1

[Event "Detroit (MCO/B/2b/2)"]
[Site "?"]
[Date "1994.??.??"]
[Round "?"]
[White "Dupree, J."]
[Black "Calton, David A"]
[Result "1-0"]
[WhiteElo "1750"]
[BlackElo "1765"]
[PlyCount "102"]
[EventDate "1994.??.??"]

1. e4 d6 2. f4 Nc6 3. Nf3 e5 4. fxe5 Nxe5 5. d4 Nxf3+ 6. Qxf3 Nf6 7. Bg5 Be7 8.
Bxf6 Bxf6 9. c3 O-O 10. Bd3 h6 11. O-O Bd7 12. Nd2 Bc6 13. Rae1 Bg5 14. Nc4 b6
15. Ne3 Bd7 16. Nf5 Bxf5 17. Qxf5 Qc8 18. Qf3 Qd7 19. Bc4 Rae8 20. Re2 c6 21.
g3 d5 22. exd5 Rxe2 23. dxc6 Qe7 24. Qxe2 Qxe2 25. Bxe2 Rc8 26. d5 Be3+ 27. Kg2
Bc5 28. Rd1 Bd6 29. b4 Rc7 30. a3 f6 31. Bg4 Kf7 32. Be6+ Ke7 33. Rd2 Be5 34.
c4 Kd6 35. Rc2 Bd4 36. Kf3 g6 37. Ke4 Bg1 38. Rg2 f5+ 39. Kd3 b5 40. Rxg1 bxc4+
41. Kxc4 g5 42. Bxf5 Rf7 43. g4 h5 44. h3 h4 45. Re1 a6 46. Re6+ Kc7 47. Kc5
Kb8 48. d6 a5 49. Re7 Rf8 50. c7+ Ka8 51. Be4+ Ka7 1-0

[Event "Eastpointe (US Am N/1a/1)"]
[Site "?"]
[Date "1994.??.??"]
[Round "?"]
[White "Duncan, Robert"]
[Black "Dowling, John"]
[Result "0-1"]
[WhiteElo "1635"]
[BlackElo "2195"]
[PlyCount "112"]
[EventDate "1994.??.??"]

1. d4 c5 2. c3 b6 3. Nf3 Bb7 4. Nbd2 Nf6 5. e3 g6 6. Bd3 Bg7 7. O-O O-O 8. Re1
d6 9. e4 cxd4 10. cxd4 Nc6 11. d5 Nb4 12. Bc4 Nd7 13. a3 Na6 14. Rb1 Rc8 15. b4
Ne5 16. Nxe5 Bxe5 17. Qe2 Nb8 18. Bb2 Nd7 19. Nf3 Bf6 20. Rec1 Rc7 21. Bb5 Nb8
22. Rxc7 Qxc7 23. Rc1 Qd8 24. Bxf6 exf6 25. Nd4 Qe7 26. Rc3 Qe5 27. Qe3 Rc8 28.
Rxc8+ Bxc8 29. f4 Qe7 30. Nc6 Nxc6 31. Bxc6 Bf5 32. Bb5 Bxe4 33. Bd3 f5 34. g3
Qf6 35. Bxe4 Qe7 36. Kf2 fxe4 37. Qc3 f5 38. h4 h6 39. Ke3 Kh7 40. b5 g5 41.
hxg5 hxg5 42. Qc8 gxf4+ 43. gxf4 Kg6 44. Qg8+ Qg7 45. Qe6+ Qf6 46. Qc8 Qf7 47.
Qc6 Qe7 48. Qc8 Qg7 49. Qc6 Qf8 50. Qd7 Qf6 51. Qc6 Kh5 52. Qe8+ Kh4 53. Qc8
Qg6 54. Qh8+ Kg3 55. Qh1 Qg4 56. Qe1+ Kh2 0-1

[Event "Eastpointe (US Am N/4/29)"]
[Site "?"]
[Date "1994.??.??"]
[Round "?"]
[White "Duncan, Robert"]
[Black "Crimmins, M."]
[Result "1-0"]
[WhiteElo "1635"]
[BlackElo "1605"]
[PlyCount "41"]
[EventDate "1994.??.??"]

{4/(29)} 1. d4 d5 2. Nf3 e6 3. Bg5 Be7 4. Bxe7 Qxe7 5. e3 Nf6 6. Bd3 O-O 7. O-O
b6 8. Nbd2 c5 9. c3 c4 10. Bc2 Nc6 11. Re1 b5 12. e4 Qb7 13. e5 Nd7 14. Bxh7+
Kh8 15. Bc2 g6 16. Ng5 Kg7 17. Qf3 b4 18. Qg3 bxc3 19. Nxe6+ Kg8 20. Bxg6 Ndxe5
21. Bh7+ 1-0